A Revisionist History of Pakistan / (Record no. 187500)
[ view plain ]
| 000 -LEADER | |
|---|---|
| fixed length control field | 00841 a2200181 4500 |
| 003 - CONTROL NUMBER IDENTIFIER | |
| control field | Nust |
| 005 - DATE AND TIME OF LATEST TRANSACTION | |
| control field | 20230203151241.0 |
| 040 ## - CATALOGING SOURCE | |
| Transcribing agency | Nust |
| 082 ## - DEWEY DECIMAL CLASSIFICATION NUMBER | |
| Classification number | 954.91,BUR |
| 100 ## - MAIN ENTRY--PERSONAL NAME | |
| Personal name | Burki, Shahid Javed |
| 245 ## - TITLE STATEMENT | |
| Title | A Revisionist History of Pakistan / |
| Statement of responsibility, etc. | Shahid Javed Burki, |
| 260 ## - PUBLICATION, DISTRIBUTION, ETC. | |
| Place of publication, distribution, etc. | Vanguard |
| Name of publisher, distributor, etc. | Karachi |
| Date of publication, distribution, etc. | 1998 |
| 300 ## - PHYSICAL DESCRIPTION | |
| Extent | 104 p |
| Other physical details | illus |
| Dimensions | 18 cm |
| 505 ## - FORMATTED CONTENTS NOTE | |
| Formatted contents note | Prologue (Page-1), A Struggling democracy and reshaped economy (1947-1958) (Page-13), First Military period (1958-1968) (Page-31), The Break up Pakistan 1969-1971 (Page-45), A populist Interlude the Bhutto years 1971-1977 (Page-59), The Second long military rule The Zia period 1988-1997 (Page-73), Captivity democracy (1988-1997) (Page-86), The Moment of reckoning 1997 (Page-97). |
| 600 ## - SUBJECT ADDED ENTRY--PERSONAL NAME | |
| Personal name | Burki, Shahid Javed |
| 9 (RLIN) | 108626 |
| 650 ## - SUBJECT ADDED ENTRY--TOPICAL TERM | |
| Topical term or geographic name entry element | Pakistan History |
| 9 (RLIN) | 7198 |
| 942 ## - ADDED ENTRY ELEMENTS (KOHA) | |
| Source of classification or shelving scheme | |
| Koha item type | Book |
| Withdrawn status | Lost status | Source of classification or shelving scheme | Damaged status | Not for loan | Permanent Location | Current Location | Shelving location | Date acquired | Shelving control number | Total Checkouts | Full call number | Barcode | Date last seen | Date last checked out | Price effective from | Koha item type | Public note |
|---|---|---|---|---|---|---|---|---|---|---|---|---|---|---|---|---|---|
| Military College of Signals (MCS) | Military College of Signals (MCS) | General Stacks | 12/12/2016 | Pakistan History | 1 | 954.91,BUR | MCS26978 | 02/19/2025 | 01/28/2025 | 12/12/2016 | Book | Almirah No.62, Shelf No.1 |
